000 00805nam a22002057a 4500
003 AM-YeHGA
005 20250617154624.0
008 181113s ||||| |||| 00| 0 rus d
040 _aAM-YeHGA
041 0 _arus
100 1 _aГудзий, Николай Каллиникович
245 1 0 _aИстория древней русской литературы :
_bУчебник для высш. учеб. заведений /
_cН.К. Гудзий.
250 _a4-е, изд. перераб.
260 _aМосква :
_bУчпедгиз,
_c1950.
300 _a492 с.
653 0 _aДревнерусская литература - Учебники и пособия
653 0 _aРусская литература - История, 9-17 вв.
942 _2udc
_cBK
090 _c418544
999 _c416180
_d416180